000 00653nam a2200229 a 4500
001 BRL_916
005 20190320210943.0
008 241013s1957----nyuab#####---#000-0#eng-#
041 _aeng
044 _anyu
050 4 _aF1209
_b.T66 1957
100 1 _aToor, Frances
_925311
245 1 0 _aNew guide to Mexico
_bIncluding Lower California
_cBy Frances Toor ; newly revised by Kate Simon
260 _aNew York
_bCrown Publishers
_c1957
300 _a277 p.
_bil., mapas
_c18 cm.
500 _aAu1057
500 _aEstado físico: Camisa rota.
651 4 _aMéxico
_vGuías
_925312
700 1 _aSimon, Kate
_925313
902 _aGRL
942 _2lcc
_cB
999 _c9728
_d9728